Global Cuisine by Images - W - Statistics

General Stats
  • This quiz has been taken 41 times
  • The average score is 3 of 16
Answer Stats
Picture Answer % Correct
Waffles
92%
Wrap
61%
Wonton Soup
39%
Waldorf Salad
36%
Walnut Cake
28%
Whoopie Pie
19%
Wurstsalat
17%
Welsh Rarebit
8%
Waakye
6%
Welsh Cake
6%
Waterzooi
3%
White Bean Soup
3%
White sugar sponge cake
3%
Wild Rice Soup
3%
Woolton Pie
3%
Watalappam
0%
No matching quizzes found
Score Distribution
Percent of People with Each Score
Percentile by Number Answered
Your Score History
You have not taken this quiz